| 000 | 00342nam a2200133 a 4500 | ||
|---|---|---|---|
| 001 | 5219 | ||
| 003 | CDMR | ||
| 005 | 20130116135305.0 | ||
| 008 | 130130s2010||||||||||||||||||||||||||||d | ||
| 040 |
_aCDMR _bcat _cCPC GIRONA |
||
| 245 | 0 |
_aMemòria 2009 _bCoordinadora d'ONG solidàries |
|
| 260 |
_c2010 _bCoordinadora d'ONG solidàries |
||
| 942 | _cMON | ||
| 999 |
_c5219 _d5219 |
||